[Event "Hamburg St Pauli op-A"]
[Site "Hamburg"]
[Date "2010.07.16"]
[Round "7"]
[White "Kaye, Ferdinand"]
[Black "Steingraeber, Kai Uwe"]
[Result "1-0"]
[WhiteElo "2071"]
[BlackElo "1890"]
[PlyCount "111"]
[EventDate "2010.07.10"]
[EventType "swiss"]
[EventRounds "9"]
[EventCountry "GER"]
[SourceTitle "EXT 2013"]
[Source "ChessBase"]
[SourceDate "2012.11.22"]
[SourceVersion "1"]
[SourceVersionDate "2012.11.22"]
[SourceQuality "1"]

1. Nf3 d5 2. g3 Nf6 3. Bg2 Bg4 4. 0-0 c6 5. d4 Nbd7 6. Nbd2 Qc7 7. Re1 e5 8. e4 Bd6 9. exd5 Nxd5 10. Nc4 0-0 11. h3 Bxf3 12. Bxf3 exd4 13. Nxd6 Qxd6 14. Qxd4 Qf6 15. Qxf6 N7xf6 16. Bd2 Rfe8 17. Kf1 Kf8 18. b3 Rxe1+ 19. Rxe1 Re8 20. c4 Rxe1+ 21. Kxe1 Nc7 22. Be3 a6 23. Kd2 Ne6 24. Kc3 Ke8 25. b4 Kd7 26. b5 axb5 27. cxb5 cxb5 28. Bxb7 Nc7 29. Kb4 Nfe8 30. Kc5 Ne6+ 31. Kxb5 Nd6+ 32. Kb6 Nc4+ 33. Ka7 Nxe3 34. fxe3 Kc7 35. Bd5 Nd8 36. Ka6 Kd6 37. Be4 h6 38. Kb6 Ne6 39. a4 Nc5 40. Bc2 Nd7+ 41. Kb5 Ne5 42. a5 Kc7 43. Be4 Kb8 44. Bd5 Ka7 45. Bc4 f6 46. Be2 Nf7 47. Kc6 Ng5 48. Bf1 Ne4 49. g4 h5 50. Kd5 Ng3 51. Bg2 hxg4 52. hxg4 f5 53. g5 g6 54. Ke6 Nh5 55. Bf3 f4 56. e4 1-0

[Event "Hamburg St Pauli op-A"]
[Site "Hamburg"]
[Date "2010.07.11"]
[Round "2"]
[White "Horstmann, Olaf"]
[Black "Kaye, Ferdinand"]
[Result "1-0"]
[WhiteElo "2199"]
[BlackElo "2071"]
[PlyCount "47"]
[EventDate "2010.07.10"]
[EventType "swiss"]
[EventRounds "9"]
[EventCountry "GER"]
[SourceTitle "EXT 2013"]
[Source "ChessBase"]
[SourceDate "2012.11.22"]
[SourceVersion "1"]
[SourceVersionDate "2012.11.22"]
[SourceQuality "1"]

1. e4 g6 2. Nc3 Bg7 3. g3 c5 4. Bg2 Nc6 5. d3 d6 6. Be3 Nd4 7. Qd2 Qa5 8. f4 e6 9. Nf3 Ne7 10. 0-0 Bd7 11. Qf2 Qb6 12. Nd1 0-0 13. c3 Nxf3+ 14. Bxf3 e5 15. b4 Rac8 16. Rc1 Bb5 17. Nb2 f5 18. a4 Bd7 19. fxe5 fxe4 20. dxe4 Bxe5 21. Nc4 Qc7 22. Nxe5 dxe5 23. Bxc5 Bxa4 24. Qa2+ 1-0

[Event "Seefeld op 19th"]
[Site "Seefeld"]
[Date "2008.09.08"]
[Round "4"]
[White "Schulze, Joachim"]
[Black "Kaye, Ferdinand"]
[Result "0-1"]
[WhiteElo "2027"]
[BlackElo "2060"]
[PlyCount "66"]
[EventDate "2008.09.05"]
[EventType "swiss"]
[EventRounds "9"]
[EventCountry "AUT"]
[SourceTitle "EXT 2010"]
[Source "ChessBase"]
[SourceDate "2010.11.25"]
[SourceVersion "1"]
[SourceVersionDate "2010.11.25"]
[SourceQuality "1"]

1. e4 g6 2. d4 Bg7 3. Nf3 d6 4. Bc4 e6 5. 0-0 a6 6. Re1 Nd7 7. Bg5 Ne7 8. c3 h6 9. Bh4 b6 10. Nbd2 Bb7 11. Qc2 g5 12. Bg3 Ng6 13. h3 Qe7 14. Nh2 Nf6 15. f3 Nh5 16. Ndf1 b5 17. Bb3 c5 18. Qd2 cxd4 19. cxd4 Nhf4 20. Ne3 Qd7 21. d5 exd5 22. Nxd5 Bxd5 23. exd5+ Kf8 24. a4 Be5 25. Kh1 h5 26. Bd1 bxa4 27. Rxa4 Qb5 28. b3 Kg7 29. Ra5 Qb7 30. Bf2 Rhe8 31. Re4 Rac8 32. Rc4 Kg8 33. Rca4 Bc3 0-1

[Event "Hamburg Junge op"]
[Site "Hamburg"]
[Date "2005.10.04"]
[Round "4"]
[White "Kaye, Ferdinand"]
[Black "Schuette, Andreas"]
[Result "1-0"]
[WhiteElo "2060"]
[BlackElo "2201"]
[PlyCount "81"]
[EventDate "2005.10.01"]
[EventType "swiss"]
[EventRounds "9"]
[EventCountry "GER"]
[SourceTitle "CBM 108 Extra"]
[Source "ChessBase"]
[SourceDate "2005.11.04"]
[SourceVersion "1"]
[SourceVersionDate "2005.11.04"]
[SourceQuality "1"]

1. Nf3 d5 2. g3 c5 3. Bg2 Nc6 4. 0-0 e6 5. d3 g6 6. Bg5 Qb6 7. Qc1 Bg7 8. c3 Nge7 9. e4 0-0 10. Na3 Qc7 11. Re1 b6 12. Bh6 Ba6 13. Bxg7 Kxg7 14. Qe3 Rad8 15. Rad1 d4 16. Qe2 e5 17. c4 Bc8 18. Rf1 h6 19. Nh4 f6 20. f4 a6 21. Rf2 Bd7 22. Qf1 Nb4 23. b3 b5 24. Bh3 g5 25. fxg5 hxg5 26. Nf5+ Bxf5 27. Bxf5 Nxf5 28. Rxf5 Qa5 29. Nb1 Qxa2 30. Qf3 Qa5 31. Rf1 Qb6 32. h4 Nc2 33. hxg5 Ne3 34. gxf6+ Kf7 35. Rxe5 Rh8 36. Re7+ Kf8 37. Rf2 Rh6 38. Qf4 Rg6 39. Rh7 Kg8 40. Qh4 Rxf6 41. Rxf6 1-0

[Event "Wichern op 5th"]
[Site "Hamburg"]
[Date "1999.10.20"]
[Round "7"]
[White "Bischoff, Frank"]
[Black "Kaye, Ferdinand"]
[Result "1/2-1/2"]
[WhiteElo "1911"]
[BlackElo "2091"]
[PlyCount "71"]
[EventDate "1999.10.15"]
[EventType "swiss"]
[EventRounds "9"]
[EventCountry "GER"]
[SourceTitle "EXT 2001"]
[Source "ChessBase"]
[SourceDate "2000.11.22"]
[SourceVersion "1"]
[SourceVersionDate "2000.11.22"]
[SourceQuality "1"]

1. d4 g6 2. Nf3 Bg7 3. c4 d6 4. Nc3 Nd7 5. e4 e5 6. d5 Nh6 7. Be2 0-0 8. Ng5 Nc5 9. b4 f6 10. bxc5 fxg5 11. Be3 g4 12. cxd6 cxd6 13. Qd2 Nf7 14. 0-0 h5 15. f3 Kh7 16. fxg4 hxg4 17. c5 Bd7 18. cxd6 Nxd6 19. Rxf8 Bxf8 20. Rf1 Be7 21. Bd3 Qa5 22. Ne2 Qxd2 23. Bxd2 Rf8 24. Rxf8 Bxf8 25. Nc3 Bh6 26. Bxh6 Kxh6 27. Kf2 Kg5 28. g3 Kf6 29. Ke3 Ke7 30. Be2 Nf7 31. Nd1 Kd6 32. Nf2 Nh6 33. Kd2 Kc5 34. Kc3 Kd6 35. Kd2 Kc5 36. Kc3 1/2-1/2

[Event "Wichern op 5th"]
[Site "Hamburg"]
[Date "1999.10.17"]
[Round "4.67"]
[White "Dischinger, Frank"]
[Black "Kaye, Ferdinand"]
[Result "1-0"]
[WhiteElo "2260"]
[BlackElo "2091"]
[PlyCount "151"]
[EventDate "1999.10.15"]
[EventType "swiss"]
[EventRounds "9"]
[EventCountry "GER"]
[SourceTitle "EXT 2001"]
[Source "ChessBase"]
[SourceDate "2000.11.22"]
[SourceVersion "1"]
[SourceVersionDate "2000.11.22"]
[SourceQuality "1"]

1. e4 g6 2. d4 Bg7 3. Be3 d6 4. Nc3 c6 5. Nf3 Nd7 6. Be2 b5 7. Qd2 Bb7 8. a3 a6 9. 0-0 c5 10. b4 cxd4 11. Nxd4 Ngf6 12. f3 0-0 13. Nb3 Rc8 14. Bd4 Qc7 15. Na5 Ba8 16. a4 e5 17. Nxb5 axb5 18. Be3 bxa4 19. c4 Nb6 20. Rfd1 Rfd8 21. Bf1 Ne8 22. Qf2 Rb8 23. Ra2 Bc6 24. Rad2 Na8 25. Nxc6 Qxc6 26. b5 Qc7 27. Rd5 Bf8 28. Qa2 Nb6 29. R5d2 Nf6 30. g3 Nfd7 31. Kg2 Nc5 32. Be2 Rdc8 33. Rc2 Ra8 34. h4 f5 35. exf5 gxf5 36. Kh1 Qf7 37. Rg1 Kh8 38. g4 Be7 39. g5 Rg8 40. Rg2 Qe6 41. Qa1 Nbd7 42. f4 Bf8 43. Bf3 Ne4 44. h5 Bg7 45. h6 Bf8 46. Rg1 Be7 47. Rd1 Rgc8 48. c5 Ndxc5 49. fxe5 dxe5 50. Bf4 Kg8 51. b6 Rab8 52. Rg2 Rxb6 53. g6 hxg6 54. h7+ Kf7 55. Rh2 Bf6 56. Be3 Rh8 57. Bxc5 Nxc5 58. Bd5 Kg7 59. Bxe6 Rxe6 60. Qc3 Be7 61. Qc4 Rxh7 62. Rxh7+ Kxh7 63. Rd5 Ne4 64. Rd7 Nc5 65. Rxe7+ Rxe7 66. Qh4+ Kg8 67. Qxe7 Ne4 68. Qxe5 Kh7 69. Kg2 Kh6 70. Kf3 Ng5+ 71. Kf4 Nh3+ 72. Kg3 Ng5 73. Qh8+ Nh7 74. Kf4 a3 75. Qa1 a2 76. Qh8 1-0

[Event "Seefeld op 10th"]
[Site "Seefeld"]
[Date "1999.09.13"]
[Round "3"]
[White "Vinke, Andreas"]
[Black "Kaye, Ferdinand"]
[Result "1-0"]
[WhiteElo "2200"]
[BlackElo "2091"]
[PlyCount "81"]
[EventDate "1999.09.11"]
[EventType "swiss"]
[EventRounds "9"]
[EventCountry "AUT"]
[SourceTitle "EXT 2001"]
[Source "ChessBase"]
[SourceDate "2000.11.22"]
[SourceVersion "1"]
[SourceVersionDate "2000.11.22"]
[SourceQuality "1"]

1. c4 g6 2. g3 Bg7 3. Bg2 e5 4. Nc3 d6 5. d3 Nc6 6. Rb1 a5 7. a3 f5 8. Nf3 Nf6 9. Bg5 h6 10. Bxf6 Bxf6 11. Nd2 0-0 12. 0-0 Bg7 13. Nd5 Nd4 14. b4 c6 15. Nc3 axb4 16. axb4 Ra3 17. Nb3 Ne6 18. b5 Bd7 19. Qc1 Ra8 20. bxc6 bxc6 21. Ra1 Rb8 22. Qc2 Ng5 23. Nd2 f4 24. Nce4 Nh3+ 25. Kh1 d5 26. cxd5 cxd5 27. Qa2 Be6 28. Nc5 Nxf2+ 29. Rxf2 Bf7 30. Rb1 Rc8 31. Ndb3 fxg3 32. hxg3 e4 33. d4 Qg5 34. Rbf1 Rxc5 35. Rxf7 Rxf7 36. Rxf7 Rc3 37. Qa7 Bf6 38. Rh7 Qh5+ 39. Kg1 Bxd4+ 40. Nxd4 Rc1+ 41. Kf2 1-0

[Event "Seefeld op 09th"]
[Site "Seefeld"]
[Date "1998.??.??"]
[Round "3"]
[White "Kaye, Ferdinand"]
[Black "Bente, Bjoern"]
[Result "0-1"]
[WhiteElo "1990"]
[BlackElo "2150"]
[PlyCount "80"]
[EventDate "1998.09.12"]
[EventType "swiss"]
[EventRounds "9"]
[EventCountry "AUT"]
[SourceTitle "EXT 2000"]
[Source "ChessBase"]
[SourceDate "1999.11.16"]
[SourceVersion "1"]
[SourceVersionDate "1999.11.16"]
[SourceQuality "1"]

1. Nf3 Nf6 2. c4 g6 3. b3 Bg7 4. Bb2 0-0 5. g3 d6 6. d4 c5 7. Bg2 Nbd7 8. 0-0 Rb8 9. Nc3 a6 10. e4 b5 11. cxb5 axb5 12. Qe2 b4 13. Nd5 Bb7 14. dxc5 Nxc5 15. Nd2 Nxd5 16. Bxg7 Nf4 17. gxf4 Kxg7 18. Rfe1 Ba6 19. Nc4 Ne6 20. Qd2 Bxc4 21. bxc4 Qb6 22. f5 Qd4 23. Qc1 Nc5 24. Rd1 Qf6 25. Qe3 b3 26. axb3 Rxb3 27. Qd4 Qxd4 28. Rxd4 Rc3 29. Ra7 Rc1+ 30. Bf1 gxf5 31. exf5 Kf6 32. Rg4 h5 33. Rg2 Rb8 34. f3 Rbb1 35. Rf2 Nd3 36. Raa2 Nxf2 37. Rxf2 Kxf5 38. Kg2 Rxf1 39. Rxf1 Rxf1 40. Kxf1 Ke5 0-1

[Event "Seefeld op 09th"]
[Site "Seefeld"]
[Date "1998.??.??"]
[Round "5"]
[White "Kaye, Ferdinand"]
[Black "Mokosch, Andreas"]
[Result "1/2-1/2"]
[WhiteElo "1990"]
[BlackElo "2185"]
[PlyCount "111"]
[EventDate "1998.09.12"]
[EventType "swiss"]
[EventRounds "9"]
[EventCountry "AUT"]
[SourceTitle "EXT 2000"]
[Source "ChessBase"]
[SourceDate "1999.11.16"]
[SourceVersion "1"]
[SourceVersionDate "1999.11.16"]
[SourceQuality "1"]

1. Nf3 c5 2. c4 g6 3. d4 Bg7 4. e4 Qb6 5. dxc5 Qxc5 6. Be2 d6 7. 0-0 Nc6 8. a3 Bg4 9. Be3 Qa5 10. Ra2 Nf6 11. Nc3 0-0 12. Qd2 Rfc8 13. b4 Qd8 14. Rd1 Bxf3 15. gxf3 Qf8 16. Rc2 Rd8 17. Nd5 e6 18. Nxf6+ Bxf6 19. b5 Nb8 20. Qc1 Nd7 21. Rcd2 Be7 22. a4 b6 23. Qc2 f5 24. f4 Nf6 25. f3 Qh6 26. Qd3 Nh5 27. e5 Nxf4 28. Bxf4 Qxf4 29. Qd4 dxe5 30. Qxf4 exf4 31. Rd7 Kf8 32. Kf1 Ke8 33. Rb7 h6 34. Rxd8+ Kxd8 35. Bd3 g5 36. h3 h5 37. Be2 Ke8 38. Rc7 Kf7 39. Rb7 Kf6 40. Rc7 Bc5 41. a5 Re8 42. Rxa7 bxa5 43. Rxa5 e5 44. Ra6+ Re6 45. Ra8 e4 46. fxe4 fxe4 47. Rc8 Be3 48. Bxh5 Rd6 49. Rc6 Rxc6 50. bxc6 Bb6 51. c5 Bc7 52. Ke2 Ke5 53. Bg6 Kd4 54. Bh7 f3+ 55. Kf2 Kd3 56. Bg6 1/2-1/2

[Event "Seefeld op 09th"]
[Site "Seefeld"]
[Date "1998.??.??"]
[Round "1"]
[White "Kaye, Ferdinand"]
[Black "Schnitzspan, Lothar"]
[Result "0-1"]
[WhiteElo "1990"]
[BlackElo "2310"]
[PlyCount "62"]
[EventDate "1998.09.12"]
[EventType "swiss"]
[EventRounds "9"]
[EventCountry "AUT"]
[SourceTitle "EXT 2000"]
[Source "ChessBase"]
[SourceDate "1999.11.16"]
[SourceVersion "1"]
[SourceVersionDate "1999.11.16"]
[SourceQuality "1"]

1. Nf3 c5 2. c4 g6 3. d4 cxd4 4. Nxd4 Bg7 5. e4 Nc6 6. Be3 Nf6 7. Nc3 0-0 8. Be2 b6 9. 0-0 Bb7 10. f3 Nh5 11. Qd2 Nf4 12. Bxf4 Nxd4 13. Bh6 Bxh6 14. Qxh6 f5 15. Bd3 e5 16. f4 fxe4 17. Nxe4 Nf5 18. Qh3 exf4 19. Rxf4 d5 20. cxd5 Bxd5 21. Nc3 Be6 22. Re1 Qd6 23. Rfe4 Rf6 24. Kh1 Kg7 25. Qf3 Rd8 26. Bc4 Bxc4 27. Rxc4 Nd4 28. Qg3 Rdf8 29. Kg1 Rf4 30. Qe3 Nf3+ 31. gxf3 Rxc4 0-1

[Event "Seefeld op 09th"]
[Site "Seefeld"]
[Date "1998.??.??"]
[Round "6"]
[White "Thoeny, Hermann"]
[Black "Kaye, Ferdinand"]
[Result "1-0"]
[WhiteElo "2240"]
[BlackElo "1990"]
[PlyCount "127"]
[EventDate "1998.09.12"]
[EventType "swiss"]
[EventRounds "9"]
[EventCountry "AUT"]
[SourceTitle "EXT 2000"]
[Source "ChessBase"]
[SourceDate "1999.11.16"]
[SourceVersion "1"]
[SourceVersionDate "1999.11.16"]
[SourceQuality "1"]

1. d4 g6 2. Nf3 Bg7 3. c4 d6 4. Nc3 Nd7 5. g3 Ngf6 6. Bg2 0-0 7. 0-0 e5 8. b3 Re8 9. Qc2 c6 10. Rd1 exd4 11. Nxd4 Nc5 12. Ba3 Qe7 13. h3 a5 14. Rac1 Nfe4 15. Nxe4 Nxe4 16. e3 h5 17. Kh2 Bd7 18. Bxe4 Qxe4 19. Qxe4 Rxe4 20. Bxd6 Bxd4 21. Rxd4 Rxd4 22. exd4 a4 23. Rc2 axb3 24. axb3 Ra1 25. Be5 Ra3 26. Rb2 Be6 27. Bf6 Kh7 28. Be7 Ra1 29. Rd2 Rb1 30. d5 Bd7 31. b4 Rc1 32. Rd4 cxd5 33. cxd5 Kg7 34. g4 hxg4 35. hxg4 f6 36. Bd6 f5 37. g5 b5 38. Rd3 Rc4 39. f3 Rh4+ 40. Kg3 Rh1 41. Re3 Kg8 42. Re7 Rh7 43. Re1 Kf7 44. Kf4 Rh4+ 45. Kg3 Rh7 46. Re2 Kg8 47. Ra2 f4+ 48. Kxf4 Rf7+ 49. Ke4 Bf5+ 50. Kd4 Rd7 51. Kc5 Rd8 52. Ra7 Rd7 53. Ra8+ Kf7 54. Kc6 Kg7 55. Rb8 Ra7 56. Kxb5 Ra3 57. Be5+ Kf7 58. f4 Rd3 59. Kc4 Rd1 60. b5 Be4 61. d6 Ke6 62. Re8+ Kd7 63. Re7+ Kd8 64. b6 1-0

[Event "Seefeld op 08th"]
[Site "Seefeld"]
[Date "1997.??.??"]
[Round "?"]
[White "Kuempers, Ulrich"]
[Black "Kaye, Ferdinand"]
[Result "0-1"]
[WhiteElo "2250"]
[BlackElo "1950"]
[PlyCount "58"]
[EventDate "1997.09.??"]
[EventType "swiss"]
[EventRounds "9"]
[EventCountry "AUT"]
[SourceTitle "EXT 2000"]
[Source "ChessBase"]
[SourceDate "1999.11.16"]
[SourceVersion "1"]
[SourceVersionDate "1999.11.16"]
[SourceQuality "1"]

1. d4 g6 2. c4 Bg7 3. Nc3 d6 4. e4 e5 5. d5 Nd7 6. Be2 Ne7 7. f4 0-0 8. Nf3 f5 9. fxe5 dxe5 10. Be3 b6 11. 0-0 Nf6 12. Nd2 Kh8 13. b4 c6 14. Bg5 Bb7 15. Bf3 Qd7 16. dxc6 Bxc6 17. Nd5 fxe4 18. Bxf6 Bxf6 19. Nxf6 Qd4+ 20. Kh1 exf3 21. Nxf3 Qxd1 22. Raxd1 Rxf6 23. Nxe5 Raf8 24. Rfe1 Rf2 25. Nf3 Bxf3 26. gxf3 Nf5 27. Rd7 Nh4 28. Kg1 Rxa2 29. f4 Nf3+ 0-1

[Event "Seefeld op 08th"]
[Site "Seefeld"]
[Date "1997.??.??"]
[Round "?"]
[White "Mahn, Franko"]
[Black "Kaye, Ferdinand"]
[Result "1-0"]
[WhiteElo "2200"]
[BlackElo "1950"]
[PlyCount "75"]
[EventDate "1997.09.??"]
[EventType "swiss"]
[EventRounds "9"]
[EventCountry "AUT"]
[SourceTitle "EXT 2000"]
[Source "ChessBase"]
[SourceDate "1999.11.16"]
[SourceVersion "1"]
[SourceVersionDate "1999.11.16"]
[SourceQuality "1"]

1. d4 g6 2. c4 Bg7 3. Nc3 d6 4. e4 e5 5. Be3 exd4 6. Bxd4 Nf6 7. Nd5 0-0 8. f3 Nc6 9. Bc3 Re8 10. Bd3 Ne5 11. Ne2 c6 12. Nxf6+ Bxf6 13. 0-0 Be6 14. b3 d5 15. cxd5 cxd5 16. exd5 Bxd5 17. Kh1 Nxd3 18. Bxf6 Qxf6 19. Qxd3 Rad8 20. Ng3 Bc6 21. Qc2 Qf4 22. Rad1 Rxd1 23. Qxd1 Qe5 24. Qd2 h5 25. Ne4 Bxe4 26. fxe4 Qxe4 27. Qf2 Qf5 28. Qxf5 gxf5 29. h3 Re5 30. Kh2 Kg7 31. Rc1 Re7 32. Kg3 Kg6 33. Kf3 Kg5 34. Rc4 a6 35. h4+ Kg6 36. a4 Re6 37. a5 Re5 38. b4 1-0